| 000 | 00430nam a2200181Ia 4500 | ||
|---|---|---|---|
| 001 | 5236 | ||
| 005 | 20260306145853.0 | ||
| 008 | 260306t2013||||xx |||||||||||||| ||spa|| | ||
| 041 | _aESP | ||
| 082 |
_a338.45 _bH46 |
||
| 100 |
_aICB Editores _eAUT |
||
| 245 | 0 | _aHerramientas de medida de la productividad | |
| 260 | _c2013 | ||
| 300 |
_a296 páginas : _c29 cm. |
||
| 650 | _aGEN | ||
| 654 | _aCAN | ||
| 942 |
_cLIB _dJUS _fJUS _2ddc _n |
||
| 999 |
_c5236 _d5236 |
||